<?xml version="1.0" encoding="UTF-8"?>
<record
    xmlns:xsi="http://www.w3.org/2001/XMLSchema-instance"
    xsi:schemaLocation="http://www.loc.gov/MARC21/slim http://www.loc.gov/standards/marcxml/schema/MARC21slim.xsd"
    xmlns="http://www.loc.gov/MARC21/slim">

  <leader>02108nam a2200325 u 4500</leader>
  <controlfield tag="001">81386</controlfield>
  <controlfield tag="003">BD-RjUL</controlfield>
  <controlfield tag="005">20230515151635.0</controlfield>
  <controlfield tag="008">230515s2015    stka     b    000 0 eng d</controlfield>
  <datafield tag="020" ind1=" " ind2=" ">
    <subfield code="a">9780748654819 (pbk.)</subfield>
  </datafield>
  <datafield tag="020" ind1=" " ind2=" ">
    <subfield code="a">074865481X (pbk.)</subfield>
  </datafield>
  <datafield tag="035" ind1=" " ind2=" ">
    <subfield code="a">(BD-RjUL)81386</subfield>
  </datafield>
  <datafield tag="040" ind1=" " ind2=" ">
    <subfield code="a">IDC</subfield>
    <subfield code="b">eng</subfield>
    <subfield code="c">BD-RjUL</subfield>
  </datafield>
  <datafield tag="041" ind1="0" ind2=" ">
    <subfield code="a">eng</subfield>
  </datafield>
  <datafield tag="082" ind1="0" ind2="4">
    <subfield code="2">23</subfield>
    <subfield code="a">179.1</subfield>
    <subfield code="b">ATE 2015</subfield>
  </datafield>
  <datafield tag="100" ind1="1" ind2=" ">
    <subfield code="a">Attfield, Robin</subfield>
    <subfield code="9">7457</subfield>
  </datafield>
  <datafield tag="245" ind1="1" ind2="0">
    <subfield code="a">Ethics of the global environment / </subfield>
    <subfield code="c">Robin Attfield.</subfield>
  </datafield>
  <datafield tag="250" ind1=" " ind2=" ">
    <subfield code="a">2nd ed.</subfield>
  </datafield>
  <datafield tag="264" ind1=" " ind2="1">
    <subfield code="a">Edinburgh :</subfield>
    <subfield code="b">Edinburgh University Press,</subfield>
    <subfield code="c">2015.</subfield>
  </datafield>
  <datafield tag="300" ind1=" " ind2=" ">
    <subfield code="a">viii, 272 pages ;</subfield>
    <subfield code="c">24 cm.</subfield>
  </datafield>
  <datafield tag="490" ind1="1" ind2=" ">
    <subfield code="a">Edinburgh studies in global ethics</subfield>
  </datafield>
  <datafield tag="504" ind1=" " ind2=" ">
    <subfield code="a">Includes bibliographical references (page 243-264) and index.</subfield>
  </datafield>
  <datafield tag="505" ind1="0" ind2=" ">
    <subfield code="a">Part I. Concepts, theories and values -- Nature and the global environment -- Global ethics and environmental ethics -- Trustees of the planet -- The ethics of extinction -- Part II. Applications and issues -- Global resources and climate change -- Sustainable development -- Population and poverty -- Biodiversity and preservation -- Part III. Global justice and global citizenship -- Environmental justice and world order -- Sustainability: perspectives and principles -- The ethics of climate change -- World citizenship in a precarious world.</subfield>
  </datafield>
  <datafield tag="520" ind1=" " ind2=" ">
    <subfield code="a">"This fully updated and expanded textbook offers new reflections on global environmental issues including climate change, sustainable development and biodiversity preservation, while remaining sensitive to global developments such as the Summits at Durban on climate and at Nagoya on biodiversity. It supplies an ethical critique of current international environmental problems and negotiations, and the shape which international regimes will need in order to cope with global environmental problems"--Back cover.</subfield>
  </datafield>
  <datafield tag="650" ind1=" " ind2="4">
    <subfield code="a">Environmental ethics.</subfield>
    <subfield code="9">7458</subfield>
  </datafield>
  <datafield tag="650" ind1=" " ind2="4">
    <subfield code="a">Global environmental change</subfield>
    <subfield code="x">Moral and ethical aspects.</subfield>
    <subfield code="9">7459</subfield>
  </datafield>
  <datafield tag="650" ind1=" " ind2="4">
    <subfield code="a">Environmental responsibility</subfield>
    <subfield code="x">Moral and ethical aspects.</subfield>
    <subfield code="9">7460</subfield>
  </datafield>
  <datafield tag="830" ind1=" " ind2="0">
    <subfield code="a">Edinburgh studies in global ethics</subfield>
    <subfield code="9">7461</subfield>
  </datafield>
  <datafield tag="942" ind1=" " ind2=" ">
    <subfield code="2">ddc</subfield>
    <subfield code="c">BK</subfield>
  </datafield>
  <datafield tag="999" ind1=" " ind2=" ">
    <subfield code="c">81386</subfield>
    <subfield code="d">81386</subfield>
  </datafield>
  <datafield tag="952" ind1=" " ind2=" ">
    <subfield code="0">0</subfield>
    <subfield code="1">0</subfield>
    <subfield code="2">ddc</subfield>
    <subfield code="4">0</subfield>
    <subfield code="7">1</subfield>
    <subfield code="8">NFIC</subfield>
    <subfield code="a">RUCL</subfield>
    <subfield code="b">RUCL</subfield>
    <subfield code="c">Reading</subfield>
    <subfield code="d">2023-05-11</subfield>
    <subfield code="e">Dhaka : Book Finder</subfield>
    <subfield code="g">2758.00</subfield>
    <subfield code="l">0</subfield>
    <subfield code="o">179.1 ATE 2015</subfield>
    <subfield code="r">2023-05-15 00:00:00</subfield>
    <subfield code="t">C-1</subfield>
    <subfield code="w">2023-05-15</subfield>
    <subfield code="y">BK</subfield>
  </datafield>
  <datafield tag="952" ind1=" " ind2=" ">
    <subfield code="0">0</subfield>
    <subfield code="1">0</subfield>
    <subfield code="2">ddc</subfield>
    <subfield code="4">0</subfield>
    <subfield code="7">0</subfield>
    <subfield code="8">NFIC</subfield>
    <subfield code="a">RUCL</subfield>
    <subfield code="b">RUCL</subfield>
    <subfield code="c">GEN</subfield>
    <subfield code="d">2023-05-11</subfield>
    <subfield code="e">Dhaka : Book Finder</subfield>
    <subfield code="g">2758.00</subfield>
    <subfield code="l">0</subfield>
    <subfield code="o">179.1 ATE 2015</subfield>
    <subfield code="r">2023-05-15 00:00:00</subfield>
    <subfield code="t">C-2</subfield>
    <subfield code="w">2023-05-15</subfield>
    <subfield code="y">BK</subfield>
  </datafield>
</record>
